000
00341nam a2200145Ia 4500
008
230718s9999 xx 000 0 und d
041
_a
Eng.
082
_a
558.83
_b
COW-I
100
_a
Cowley, Thon M
245
0
_a
Image & Persmong The Low
260
_a
Pakistan
_b
Seweet and Manuel
_c
1953
300
_a
923
650
_a
Law
999
_c
26342
_d
26342